| 000 | 00842nam a22002537a 4500 | ||
|---|---|---|---|
| 999 |
_c1161 _d1161 |
||
| 003 | AR-CdUCM | ||
| 008 | 190226b ||||| |||| 00| 0 spa d | ||
| 040 |
_aMUNICIPALIDAD PROVINCIAL DEL CUSCO _cBIBLIOTECA MUNICIPAL DEL CUSCO |
||
| 082 |
_a808.8 / _bB26 |
||
| 100 |
_aBascope Aspiazu, Rene _94548 |
||
| 245 |
_aNiebla y Retorno / _cBascope Aspiazu, Rene |
||
| 260 |
_aLa Paz : _bServicio Grafico Quipus, _c1988. |
||
| 300 |
_a73 paginas ; _c25cm. |
||
| 500 | _acuentos | ||
| 505 | _aVentana -- niebla y retorno -- Un engaƱo -- despues de la funcion -- La chingola | ||
| 650 |
_aCuentos Bolivianos _94549 |
||
| 650 |
_aLiteratura _983 |
||
| 650 |
_aEscritor _94550 |
||
| 700 |
_aOrias Luna, Guido _94551 |
||
| 700 |
_aMiranda C., Edmundo _94552 |
||
| 700 |
_aHinojosa, Grober _94553 |
||
| 942 |
_2ddc _cLIBROS |
||
| 945 |
_apjha _d2019-02-26 |
||